Online
Catalog

Boletín colectivo intersectorial. (Record no. 36877)

MARC details
000 -CABECERA
campo de control de longitud fija 00606nas a2200205 4500
001 - NÚMERO DE CONTROL
campo de control 000037387
003 - IDENTIFICADOR DEL NÚMERO DE CONTROL
campo de control DO-SdBNP
005 - FECHA Y HORA DE LA ÚLTIMA TRANSACCIÓN
campo de control 20240917142233.0
008 - DATOS DE LONGITUD FIJA--INFORMACIÓN GENERAL
campo de control de longitud fija 120330c20009999dr mr1p dd 0 0spa d
040 ## - FUENTE DE LA CATALOGACIÓN
Centro catalogador/agencia de origen DO-SdBNP
Lengua de catalogación spa
Centro/agencia transcriptor BNPHU
Normas de descripción rda
043 ## - CÓDIGO DE ÁREA GEOGRÁFICA
Código de área geográfica nwdr
110 2# - ENTRADA PRINCIPAL--NOMBRE DE ENTIDAD CORPORATIVA
Nombre de entidad corporativa o nombre de jurisdicción como elemento de entrada Ciudad Colonial
9 (RLIN) 63844
245 00 - MENCIÓN DE TÍTULO
Título Boletín colectivo intersectorial.
260 ## - PUBLICACIÓN, DISTRIBUCIÓN, ETC.
Lugar de publicación, distribución, etc. Santo Domingo :
Nombre del editor, distribuidor, etc. Patronato de la Ciudad Colonial,
Fecha de publicación, distribución, etc. 2000.
300 ## - DESCRIPCIÓN FÍSICA
Extensión v.- :
Otras características físicas il. ;
Dimensiones 29 cm.
310 ## - PERIODICIDAD ACTUAL
Periodicidad actual Mensual
362 1# - FECHAS DE PUBLICACIÓN Y/O DESIGNACIÓN SECUENCIAL
Fecha de publicación y/o designación secuencial Año 4. no. 51 (mayo 2000)
500 ## - NOTA GENERAL
Nota general Catalogación basada en : Año 4. no. 51 (mayo 2000)
942 ## - ELEMENTOS DE PUNTO DE ACCESO ADICIONAL (KOHA)
Fuente del sistema de clasificación o colocación Dewey Decimal Classification
Tipo de ítem Koha Publicación periódica

No items available.

Powered by Koha